Mufaddaliyat (Record no. 469)

MARC details
000 -LEADER
fixed length control field 00570nam a2200229 a 4500
020 ## - INTERNATIONAL STANDARD BOOK NUMBER
ISBN
082 00 - DEWEY DECIMAL CLASSIFICATION NUMBER
Classification number 891.71
Author Cutter LYA
100 ## - MAIN ENTRY--AUTHOR NAME
Author name Lyall, Charles James
245 ## - TITLE STATEMENT
Title Mufaddaliyat
Sub title an Anthology of Ancient Arabian Odes Vol.2
260 ## - PUBLICATION, DISTRIBUTION, ETC. (IMPRINT)
Place of publication Oxford
Name of publisher Clarendon Press
Year of publication 1918
300 ## - PHYSICAL DESCRIPTION
Number of Pages 389p
500 ## - GENERAL NOTE
General note includes index and biblioraphy
505 2# - FORMATTED CONTENTS NOTE
Formatted contents note Index
650 ## - SUBJECT ADDED ENTRY--TOPICAL TERM
Topical Term Arabic-Poetry
942 ## - ADDED ENTRY ELEMENTS (KOHA)
Koha item type Books
Holdings
Collection code Home library Current library Date acquired Cost, normal purchase price Full call number Accession Number Koha item type
  Henry Martyn Institute Library Henry Martyn Institute Library 06/04/2007 100.00 891.71 LYA 00733 Books
                   Copyright © 2026 | Henry Martyn Institute | Hyderabad | TS-500052 | INDIA | Implemented by hmi.edu.in
Hit-Count:

Powered by Koha